zpět

Detail výsledku týmu

Max Beer Bar, Benešov

Datum a čas kvízu

32.5 Celkem bodů Celkový počet nahraných bodů na tomto kvízu bez doplňovacích otázek.
6. Pořadí na kvízu Konečné umístění týmu na tomto kvízu.

Zaznamenané odpovědi

# Otázka Odpověď Body Výsledky
1. V Praze byl minulý týden na ve... z paluby Titaniku 0
2. Římská radnice minulý týden oz... fontána di Trevi 1
3. Která zpěvačka oznámila svým f... Adele 1
4. Minulý týden byla ve Veverskýc... pomocí SMS 1
5. Uveďte jména vítězů mužské a ž... Jannik Sinner, Aryna Sabalenka 1
6. Který velmi rozlehlý stát byl... Austrálie 0
7. Pod kterým, dnes už spíše zast... Habeš 0
8. Napište bývalý název Bratislav... Prešpurk/Prešporok/Prešporek; 1919 (1914–1924) 1
9. Když Portugalci objevili jistý... Tchaj-wan 0
10. Zhruba rok po vyhlazení českýc... o Panamu 0